Gaming Quiz

Random Gaming Quiz

Can you name the Maplestory Locations? Quiz Stats

 Plays Quiz not verified by Sporcle

Score 0/50 Timer 10:00
0 Plays Today
% Correct
Henesys
90.4%
Perion
86.8%
Kerning City
86.4%
Ellinia
83.2%
Orbis
82.3%
Ludibrium
76.7%
El Nath
74.6%
Lith Harbor
71.1%
Sleepywood
67.3%
Leafre
63.3%
Korean Folk Town
54.1%
Mu Lung
52.3%
Aquarium
51.1%
Omega Sector
50.4%
Ariant
48.5%
Time Temple
44%
Magatia
43.2%
Southperry
42.8%
Herb Town
40.6%
Ereve
40.4%
Amherst
38.2%
Nautilus Harbor
33.6%
Rien
30.2%
Florina Beach
25%
Showa Town
23.4%
% Correct
Mushroom Shrine
21.9%
Dead Mine
17.6%
Amoria
17.2%
Central Business District
15.2%
Neo City
12.5%
Golden Temple
10.2%
Boat Quay Town
9.4%
Ninja Castle
8.4%
Kampung Village
8.1%
Neo Tokyo
6.4%
Shanghai
6%
Taipei 101
5.6%
Ulu City
5.5%
Trend Zone Metropolis
4.5%
Fantasy Theme Park
3.7%
Night Market
3.6%
Altaire Camp
3.6%
Floating Market
3.2%
Ximending
2.9%
Peach Blossom Island
2.9%
Kamuna
2.5%
Mount Song Town
2.5%
Showa Hideout
2.4%
Yuyuan Garden
1.7%
Grand Hall Of The Great Sage
1.7%

You're not logged in!

Compare scores with friends on all Sporcle quizzes.
OR
Log In

Sporcle TV

Today on Sporcle TV


Watch our educational content, quiz creation guides, and fun videos on Sporcle TV.

Show Comments

Extras

Created May 7, 2010ReportNominate
Tags:location, maplestory

Top Quizzes Today


Score Distribution

Your Account Isn't Verified!

In order to create a playlist on Sporcle, you need to verify the email address you used during registration. Go to your Sporcle Settings to finish the process.

Report this User

Report this user for behavior that violates our Community Guidelines.

Details: